[Event "NOR-chTA final"]
[Site "Trondheim"]
[Date "2004.05.22"]
[Round "4.5"]
[White "Steedman, James"]
[Black "Mork, Kjell Arne"]
[Result "0-1"]
[WhiteElo "2226"]
[BlackElo "2286"]
[PlyCount "68"]
[EventDate "2004.05.19"]
[EventType "team"]
[EventRounds "5"]
[EventCountry "NOR"]
[SourceTitle "CBM 100 Extra"]
[Source "ChessBase"]
[SourceDate "2004.07.06"]
[SourceVersion "2"]
[SourceVersionDate "2004.07.06"]
[SourceQuality "1"]
[WhiteTeam "08"]
[BlackTeam "02"]
[WhiteTeamCountry "NOR"]
[BlackTeamCountry "NOR"]

1. d4 Nf6 2. c4 e6 3. Nc3 Bb4 4. e3 b6 5. Nge2 Ne4 6. Qc2 Bb7 7. f3 Nxc3 8. bxc3 Be7 9. e4 Nc6 10. Ng3 Ba6 11. Bd3 Na5 12. Qe2 d6 13. 0-0 Qd7 14. a4 c5 15. d5 Bf6 16. Ra3 0-0-0 17. f4 Bh4 18. Nh1 g6 19. f5 exf5 20. exf5 Rde8 21. Qg4 Bf6 22. Bh6 Be5 23. Qh4 g5 24. Bxg5 h6 25. Bd2 f6 26. Nf2 Reg8 27. Ng4 Qg7 28. Ne3 h5 29. Ra2 Nb3 30. Qe1 Qg5 31. g3 h4 32. g4 Nxd2 33. Qxd2 Bxc3 34. Qg2 Qxe3+ 0-1

[Event "NOR-chT north 0304"]
[Site "Norway"]
[Date "2004.03.07"]
[Round "5.5"]
[White "Mork, Kjell Arne"]
[Black "Sorensen, Henrik2222"]
[Result "0-1"]
[WhiteElo "2281"]
[BlackElo "1987"]
[PlyCount "49"]
[EventDate "2004.01.??"]
[EventType "team"]
[EventRounds "5"]
[EventCountry "NOR"]
[SourceTitle "EXT 2006"]
[Source "ChessBase"]
[SourceDate "2005.11.24"]
[SourceVersion "1"]
[SourceVersionDate "2005.11.24"]
[SourceQuality "1"]

1. e4 c6 2. d4 d5 3. Nc3 dxe4 4. Nxe4 Nf6 5. Nxf6+ gxf6 6. c3 Bf5 7. Nf3 e6 8. g3 Bd6 9. Bg2 Nd7 10. Nh4 Bg6 11. 0-0 Qc7 12. c4 0-0-0 13. Be3 Kb8 14. c5 Be7 15. b4 e5 16. Qb3 f5 17. Nxg6 fxg6 18. dxe5 Nxe5 19. b5 cxb5 20. Qxb5 Ka8 21. Bf4 Bf6 22. Rab1 Rb8 23. Rfd1 Qc8 24. Bxe5 Bxe5 25. c6 0-1

[Event "NOR-chT north 0203"]
[Site "Norway"]
[Date "2003.??.??"]
[Round "2"]
[White "Mork, Kjell Arne"]
[Black "Nestande, Per"]
[Result "1-0"]
[WhiteElo "2261"]
[BlackElo "1786"]
[PlyCount "67"]
[EventDate "2002.10.??"]
[EventType "team"]
[EventRounds "5"]
[EventCountry "NOR"]
[SourceTitle "EXT 2005"]
[Source "ChessBase"]
[SourceDate "2004.11.15"]
[SourceVersion "1"]
[SourceVersionDate "2004.11.15"]
[SourceQuality "1"]

1. e4 e5 2. Nf3 Nc6 3. Bb5 a6 4. Ba4 Nf6 5. 0-0 Nxe4 6. d4 b5 7. Bb3 d5 8. dxe5 Be6 9. Nbd2 Nc5 10. c3 Be7 11. Bc2 Bg4 12. Re1 Qd7 13. Nb3 0-0 14. Nxc5 Bxc5 15. Qd3 g6 16. Bb3 Rad8 17. Bg5 Be7 18. Bh6 Rfe8 19. Rad1 Be6 20. Ng5 Na5 21. Nxe6 fxe6 22. Bc2 c5 23. Qg3 Bf8 24. Bg5 Be7 25. Bc1 Bf8 26. h4 Qg7 27. h5 gxh5 28. Qh2 h4 29. Qxh4 Be7 30. Qh2 Rf8 31. Rd3 Rf5 32. Rg3 Rg5 33. Bxg5 Bxg5 34. f4 1-0

[Event "NOR-chT north 0203"]
[Site "Norway"]
[Date "2003.??.??"]
[Round "5"]
[White "Saevareid, Ove"]
[Black "Mork, Kjell Arne"]
[Result "0-1"]
[WhiteElo "2029"]
[BlackElo "2264"]
[PlyCount "61"]
[EventDate "2002.10.??"]
[EventType "team"]
[EventRounds "5"]
[EventCountry "NOR"]
[SourceTitle "EXT 2005"]
[Source "ChessBase"]
[SourceDate "2004.11.15"]
[SourceVersion "1"]
[SourceVersionDate "2004.11.15"]
[SourceQuality "1"]

1. c4 e5 2. g3 Nc6 3. Bg2 g6 4. Nc3 Bg7 5. e4 d6 6. Nge2 Nh6 7. d3 0-0 8. h4 Be6 9. Nd5 Nb8 10. Nec3 c6 11. Ne3 f5 12. Bh3 Qe7 13. h5 f4 14. gxf4 exf4 15. hxg6 fxe3 16. Bxe3 Bxh3 17. Rxh3 Qf6 18. Qb3 Nd7 19. c5+ Kh8 20. 0-0-0 Nxc5 21. Qc2 Qxg6 22. f4 Ng4 23. Bxc5 dxc5 24. f5 Qg5+ 25. Kb1 Bd4 26. Rdh1 Rf7 27. Rh5 Qe3 28. Nd1 Qf4 29. R5h4 Rg8 30. Qe2 Qg5 31. Qf3 0-1

[Event "Bergen Sommer op"]
[Site "Bergen"]
[Date "2002.07.27"]
[Round "8"]
[White "Myhrvold, Rune"]
[Black "Mork, Kjell Arne"]
[Result "0-1"]
[WhiteElo "2193"]
[BlackElo "2275"]
[PlyCount "60"]
[EventDate "2002.07.20"]
[EventType "swiss"]
[EventRounds "9"]
[EventCountry "NOR"]
[SourceTitle "CBM 089 Extra"]
[Source "ChessBase"]
[SourceDate "2002.09.10"]
[SourceVersion "2"]
[SourceVersionDate "2002.09.10"]
[SourceQuality "1"]

1. e4 e6 2. d4 d5 3. e5 c5 4. c3 Nc6 5. Nf3 Bd7 6. Be2 f6 7. exf6 Nxf6 8. Bf4 Qb6 9. Qb3 Qxb3 10. axb3 cxd4 11. cxd4 Bb4+ 12. Nc3 Ne4 13. Rc1 0-0 14. Be3 Na5 15. Bd1 Rac8 16. Bd2 Bb5 17. Bc2 Nxd2 18. Nxd2 Ba6 19. Nf3 Nc6 20. Kd1 Rf4 21. Ne2 Bxe2+ 22. Kxe2 Rcf8 23. Rcd1 Ba5 24. Rd3 Bb6 25. Rhd1 g5 26. g3 Nxd4+ 27. Nxd4 Rxf2+ 28. Ke1 Bxd4 29. R3d2 Rxd2 30. Rxd2 Bxb2 0-1

[Event "Bergen Sommer op"]
[Site "Bergen"]
[Date "2002.07.25"]
[Round "6"]
[White "Gabrielsen, Trond"]
[Black "Mork, Kjell Arne"]
[Result "0-1"]
[WhiteElo "2223"]
[BlackElo "2275"]
[PlyCount "84"]
[EventDate "2002.07.20"]
[EventType "swiss"]
[EventRounds "9"]
[EventCountry "NOR"]
[SourceTitle "CBM 089 Extra"]
[Source "ChessBase"]
[SourceDate "2002.09.10"]
[SourceVersion "2"]
[SourceVersionDate "2002.09.10"]
[SourceQuality "1"]

1. e4 c5 2. Nf3 Nc6 3. d4 cxd4 4. Nxd4 Nf6 5. Nc3 e5 6. Ndb5 d6 7. Bg5 a6 8. Na3 b5 9. Bxf6 gxf6 10. Nd5 Bg7 11. Bd3 Ne7 12. Nxe7 Qxe7 13. 0-0 f5 14. c4 0-0 15. Qf3 bxc4 16. Nxc4 d5 17. exd5 e4 18. Qe3 Bb7 19. d6 Qf6 20. Bc2 f4 21. Qh3 Rac8 22. Bb3 Rc5 23. Rad1 Rd8 24. Nb6 Qg5 25. d7 f3 26. Rfe1 Qg6 27. Nd5 Bxd5 28. Bxd5 Rxd7 29. Bb3 Rxd1 30. Rxd1 Bf6 31. Qg3 Rg5 32. Qb8+ Kg7 33. g3 e3 34. fxe3 Be5 35. Qe8 Bxg3 36. Kh1 Bf2 37. Qxf7+ Qxf7 38. Bxf7 Kxf7 39. Rf1 Rg2 40. Rxf2 Rxf2 41. e4 Re2 42. e5 Re1# 0-1